[Event "Wloclawek CC Classic 21st"]
[Site "Wloclawek"]
[Date "2018.??.??"]
[Round "1"]
[White "Kinas, Tomasz"]
[Black "Sroczynski, Radoslaw"]
[Result "1-0"]
[WhiteElo "1522"]
[BlackElo "1600"]
[PlyCount "113"]
[EventDate "2018.06.??"]
[EventType "swiss"]
[EventRounds "7"]
[EventCountry "POL"]
[SourceTitle "EXT 2021"]
[Source "ChessBase"]
[SourceDate "2020.10.23"]
[SourceVersion "1"]
[SourceVersionDate "2020.10.23"]
[SourceQuality "1"]

1. e4 g6 2. d4 Bg7 3. Nf3 d6 4. Bc4 Bg4 5. h3 Bxf3 6. Qxf3 e6 7. c3 Nf6 8. Bg5 Nbd7 9. 0-0 h6 10. Bh4 g5 11. Bg3 0-0 12. e5 dxe5 13. dxe5 Ne8 14. Qe4 Nc5 15. Qe3 Qe7 16. b4 Nd7 17. Qe4 c6 18. Re1 Nc7 19. Nd2 Rae8 20. Rad1 f5 21. exf6 Nxf6 22. Qe3 Ncd5 23. Qd3 Nd7 24. Ne4 Ne5 25. Bxe5 Bxe5 26. Nc5 Qf6 27. Nd7 Qxf2+ 28. Kh1 Nf4 29. Qf1 Qxf1+ 30. Rxf1 Rf7 31. Nxe5 Rfe7 32. Kh2 Nd5 33. Ng4 Kg7 34. Bxd5 exd5 35. Rd2 Re2 36. Rf2 Rxf2 37. Rxf2 h5 38. Nf6 Kg6 39. Nd7 Re7 40. Nc5 b6 41. Nb3 Re3 42. Rc2 Kf5 43. Nd4+ Ke4 44. Nxc6 Kd3 45. Nd4 Kc4 46. Kg1 Rxc3 47. Rxc3+ Kxc3 48. Ne6 d4 49. Nxg5 d3 50. Nf3 Kxb4 51. g4 hxg4 52. hxg4 Kc5 53. Kf2 Kd5 54. Ke3 Ke6 55. Kxd3 Kf6 56. g5+ Kf5 57. Kc4 1-0

[Event "Wloclawek CC Classic 21st"]
[Site "Wloclawek"]
[Date "2018.??.??"]
[Round "5"]
[White "Sroczynski, Radoslaw"]
[Black "Cichocki, Konrad"]
[Result "0-1"]
[WhiteElo "1600"]
[BlackElo "1858"]
[PlyCount "92"]
[EventDate "2018.06.??"]
[EventType "swiss"]
[EventRounds "7"]
[EventCountry "POL"]
[SourceTitle "EXT 2021"]
[Source "ChessBase"]
[SourceDate "2020.10.23"]
[SourceVersion "1"]
[SourceVersionDate "2020.10.23"]
[SourceQuality "1"]

1. e4 e5 2. Nf3 Nc6 3. d3 Nf6 4. g3 Bc5 5. Bg2 d6 6. 0-0 0-0 7. Bg5 h6 8. Bxf6 Qxf6 9. Nbd2 Be6 10. Re1 Rfe8 11. Nf1 Rad8 12. Ne3 Ne7 13. Qe2 c6 14. c3 Ng6 15. b4 Bb6 16. Rad1 d5 17. exd5 cxd5 18. Nd2 Bxe3 19. fxe3 e4 20. dxe4 Qxc3 21. exd5 Bxd5 22. Bxd5 Rxd5 23. Ne4 Qe5 24. Rxd5 Qxd5 25. Nf2 Ne5 26. e4 Qd4 27. a3 Qc3 28. Kg2 Qxa3 29. b5 a6 30. bxa6 bxa6 31. Rb1 a5 32. Rb2 a4 33. Ra2 Qb4 34. Rb2 Qa5 35. Qb5 Ra8 36. Qd5 Qxd5 37. exd5 Kf8 38. Ne4 a3 39. Ra2 Nd3 40. Nc3 Nb4 41. Ra1 a2 42. Kf3 Ra3 43. Ke4 Rxc3 44. Kd4 Nc2+ 45. Kxc3 Nxa1 46. Kb2 Nc2 0-1